000 00342pam a2200133a 44500
008 230405s2018 xxu||||| |||| 00| 0 eng d
020 _a9789386478931
_cRs. 1195/-
082 _a610.73
_bGHA
100 _aGhai,Sandhya
245 _aClinical Nursing Procedures
260 _aNew Delhi
_bCBS Pub.
_c2018
300 _a1131 p.
906 _a003887
999 _c252117
_d252117